| 000 | 01688 a2200445 4500 | ||
|---|---|---|---|
| 999 |
_c200422491 _d39444 |
||
| 001 | 200422491 | ||
| 003 | TR-AnTOB | ||
| 005 | 20240905115136.0 | ||
| 008 | 150726e2007 xxu 000 0 | ||
| 020 | _a9780821371787 (electronic) | ||
| 020 | _a9780821371770 | ||
| 040 |
_aDLC _beng _dTR-AnTOB _erda _cTR-AnTOB |
||
| 041 | _aeng | ||
| 050 | 0 |
_aHG178.33.D44 _bE97 2007 |
|
| 090 |
_aHG178.33.D44 _bE97 2007 |
||
| 245 | 0 | 0 |
_aExpanding access to finance : _bgood practices and policies for micro, small, and medium enterprises / _cby Mohini Malhotra, Yanni Chen, Alberto Criscuolo, Qimiao Fan, Iva Ilieva Hamel, Yevgeniya Savchenko. |
| 264 | 1 |
_aWashington, D.C. : _bWorld Bank, _c[2007] |
|
| 264 | 4 | _c©2007 | |
| 300 |
_axiii, 103 pages : _billustrations ; _c27 cm. |
||
| 336 |
_atext _2rdacontent _btxt |
||
| 337 |
_aunmediated _2rdamedia _bn |
||
| 338 |
_avolume _2rdacarrier _bnc |
||
| 490 | 0 | _aWBI learning resource series. | |
| 504 | _aIncludes bibliographical references. | ||
| 590 | _aDünya Bankası / TEPAV tarafından bağışlanmıştır. | ||
| 650 | 0 |
_aCredit _zDeveloping countries _9107931 |
|
| 650 | 0 |
_aLoans _zDeveloping countries _9107932 |
|
| 650 | 0 |
_aMicrofinance _zDeveloping countries _9107933 |
|
| 650 | 0 |
_aSmall business _zDeveloping countries _xFinance _vCase studies _949637 |
|
| 650 | 0 |
_aSmall business _zTurkey _xFinance _952137 |
|
| 700 | 1 |
_aFan, Qimiao _9107571 |
|
| 700 | 1 |
_aSavchenko, Yevgeniya _9107926 |
|
| 700 | 1 |
_aHamel, Iva Ilieva _9107927 |
|
| 700 | 1 |
_aCriscuolo, Alberto _9107928 |
|
| 700 | 1 |
_aChen, Yanni _9107929 |
|
| 700 | 1 |
_aMalhotra, Mohini _9107930 |
|
| 710 | 2 |
_aWorld Bank _919811 |
|
| 942 |
_cBK _2lcc |
||